Pažby pre Hradnú stráž : Reportáž z košickej firmy na výrobu loveckých a športových zbraní

Podrobná bibliografia
Hlavný autor: Pardupa, Juraj (Author)
Médium: Článok
Jazyk:Slovak
Vydané: 1996
Témy:
Zdroj: 1. Košický večer 1. Roč. 7(1996), dát. 1011, s. 3
LEADER 00831nab#a2200301#ar4500
001 000002321
003 SVKKK
005 20030704100621.0
008 030704c1996 e sloo
FMT
038 |a SVKKK 
040 |a SVKKK  |b slo  |e AACR2 
041 0 |a slo 
080 |a 623.4  |2 1981 
100 1 |a Pardupa, Juraj  |4 aut 
245 1 0 |a Pažby pre Hradnú stráž :  |b Reportáž z košickej firmy na výrobu loveckých a športových zbraní  |c Pardupa Juraj, 
260 |c 1996 
650 0 4 |a reportáže 
650 0 4 |a výroba zbraní  |z Košice 
650 0 4 |a zbrane lovecké  |z Bretton, Košice (firma na výrobu zbraní) 
650 0 4 |a zbrane športové 
773 0 |t Košický večer  |g Roč. 7(1996), dát. 1011, s. 3 
957 |a Košice 
974 |a Cr 
992 |a RBX 
BAS
852 |a SVKKK  |b BIB 
998 |a REG